Maratón v snehovej chumelici Svetový pohár žien v behu na lyžiach

Bibliographic Details
Main Authors: Kubiš, M. (Author), Veselý, I. (Author)
Format: Article
Language:Slovak
Subjects:

MARC

LEADER 00000nab a2200000 a 4500
001 vtls000081343
003 SK-MaSNL
005 20260304173442.0
008 160202c1981 xo 0 slo
015 |a SNBRB19rr/mm-uuuuu 
035 |a CL0091445 
040 |a SNKBUCL  |b slo  |c SNKBUCL  |e AACR2 
041 0 |a slo 
044 |a xo  |c SK 
080 |a 796.921  |2 1981 
100 1 |a Kubiš, M.  |4 aut  |9 784270 
245 1 0 |a Maratón v snehovej chumelici  |b Svetový pohár žien v behu na lyžiach  |c M. Kubiš, I. Veselý 
650 0 7 |a lyžovanie  |2 snkbucl  |9 3256 
650 0 7 |a Svetový pohár  |2 snkbucl  |9 842306 
651 7 |a 3714  |2 snkbucl  |9 924218 
655 7 |a články z novín a časopisov  |2 snkbucl  |9 267496 
700 1 |a Veselý, I.  |4 aut  |9 711280 
773 0 |t Šport  |g Roč. 33, č. 15 (19. 1. 1981), s. 1 
850 |a Slovenská národná knižnica v Martine  |a MTA001 
852 |a SNK  |b KIS3GCP 
958 |a RK 
958 |a CZ 
992 |a RBX 
999 |c 3003421  |d 3005351